| Tag |
First Indicator |
Second Indicator |
Subfields |
| LEADER |
00000cam a22000001 4500 |
| 001 |
in00000094342 |
| 005 |
20150927110433.0 |
| 008 |
700820s1967 enkaf b 00000 eng |
| 010 |
|
|
|a 68010049
|
| 015 |
|
|
|a B67-23667
|
| 035 |
|
|
|a (OCoLC)00343382
|
| 035 |
|
|
|9 AAL6206AM
|
| 037 |
|
|
|c 25/-
|
| 040 |
|
|
|a DLC
|c DLC
|d TXA
|d UtOrBLW
|
| 049 |
|
|
|a TXAM
|c [532905]
|
| 050 |
0 |
0 |
|a TT880
|b .S48
|
| 082 |
0 |
|
|a 745.59
|
| 100 |
1 |
|
|a Seyd, Mary.
|
| 245 |
1 |
0 |
|a Designing with string.
|
| 264 |
|
1 |
|a London :
|b Batsford;
|a New York :
|b Watson-Guptill,
|c 1967.
|
| 300 |
|
|
|a 96 pages :
|b illustrations, 2 color plates. ;
|c 21 1/2 cm.
|
| 336 |
|
|
|a text
|b txt
|2 rdacontent
|
| 337 |
|
|
|a unmediated
|b n
|2 rdamedia
|
| 338 |
|
|
|a volume
|b nc
|2 rdacarrier
|
| 504 |
|
|
|a Bibliography: page 91.
|
| 650 |
|
0 |
|a String figures.
|
| 650 |
|
0 |
|a Collage.
|
| 650 |
|
0 |
|a Handicraft.
|
| 999 |
|
|
|a MARS
|
| 999 |
f |
f |
|s 12e04089-6573-305b-ab47-aa3d206f031f
|i b9d77dcb-671d-3a76-8155-37ab2e45f3f6
|t 0
|
| 952 |
f |
f |
|p ric
|a Texas A&M University
|b Rellis Campus
|c Joint Library Facility
|d Remote Storage
|t 0
|e TT880 .S48
|h Library of Congress classification
|i unmediated -- volume
|m A14805666971
|
| 998 |
f |
f |
|a TT880 .S48
|t 0
|l Remote Storage
|